000 00392nam a22001457a 4500
005 20231025141411.0
008 231025b |||||||| |||| 00| 0 eng d
082 _a347 LEG
100 _lEnglish / Afrikaans
245 _aThe Legal Aid Guide, 1989
260 _aWindhoek :
_c1989
300 _b37 pages ;
_c30 cm.
650 _aLegal Practice
_bLaw
942 _cBK
_6ALISON_BN_VRIES
999 _c59
_d59